Periodistas de los albores de la República (Registro nro. 323699)

Detalles MARC
000 -ENCABEZADO
Número de control [NR] 01980nam a22002537a 4500
005 - FECHA Y HORA DE LA ÚLTIMA TRANSACCIÓN
control field 20240116095508.0
008 - DE LONGITUD FIJA DE DATOS DE ELEMENTOS - INFORMACIÓN GENERAL
Elementos de longitud fija [NR] 130510s1936 ck ||||fr|||| 00| 0dspa d
040 ## - FUENTE DE CATALOGACION [NR]
Quien Cataloga Sandra Yazo (modificó)
Quien Clasifica Sandra Yazo (modificó)
041 0# - CODIGO DE IDIOMA [R]
Código de idioma para texto/pista de sonido o título separado [R] Español
082 04 - NUMERO DE CLASIFICACION DECIMAL DEWEY [R]
Número de la edición [NR] 20
Número de clasificación [R] 070.9
092 ## - SIGNATURA TOPOGRAFICA LOCAL
Número de clasificación local E52N095
245 00 - MENCION DE TITULO [NR]
Título [NR] Periodistas de los albores de la República
Parte restante del título [NR] (Jorge Tadeo Lozano, Fray Diego Francisco Padilla, José María Salazar y Juan García del Río)
260 ## - PUBLICACION, DISTRIBUCION, ETC. (PIE DE IMPRENTA) [R]
Lugar de publicación, distribución, etc. [R] Bogotá (Colombia)
Nombre del editor, distribuidor, etc. [R] Editorial Minerva S. A.
Fecha de publicación, distribución, etc. [R] 1936
300 ## - DESCRIPCION FISICA [R]
Extensión [R] 198, [1] páginas
Dimensiones [R] 18 x 14 cm.
490 #0 - MENCION DE SERIE [R]
Mención de serie [R] Biblioteca Aldeana de Colombia
Designación numérica/secuencial del volumen [NR] 62
500 ## - NOTA GENERAL [R]
Nota general [NR] Detalles físicos: Sin encuadernación original. Actualmente: Encuadernación rígida (holandesa) en cartón forrado en papel jaspeado en tono azul. Lomo de tela, con letras y líneas decorativas en dorado. Cortes decorados (jaspeado azul). Guardas. Hoja de cortesía. Portada impresa en una sola tinta. Grabado con el emblema de la Colección. Texto impreso en una sola columna, con diferentes tipos y tamaños de letra. Notas de pie de página. Papel oxidado en bordes de las hojas. En la encuadernación (lomo) se indica una numeración (62). Colección Aldeana de Colombia es una selección de Samper Ortega de Literatura Colombiana.
505 0# - NOTA DE CONTENIDO CON FORMATO PREESTABLECIDO [R]
Nota de contenido con formato preestablecido [NR] Periodistas de los albores de la República -- Jorge Tadeo Lozano: De la necesidad del dinero corriente y de la inutilidad del dinero guardado ; Plan de una campaña patriótica de comercio ; Sobre lo útil que sería en este reino el establecimiento de una sociedad económica de amigos del país -- Fray Diego Francisco Padilla: Por la libertad -- José María Salazar: Bosquejo político de América -- Juan García del Río: Simón Bolívar
506 ## - NOTA DE RESTRICCIONES DE ACCESO [R]
Condiciones de acceso [NR] Consulta en sala
650 #7 - ASIENTO SECUNDARIO DE MATERIA - TERMINO TEMATICO [R]
Término temático o nombre geográfico como elemento de entrada [NR] Periodismo colombiano
9 (RLIN) 21342
650 #7 - ASIENTO SECUNDARIO DE MATERIA - TERMINO TEMATICO [R]
Término temático o nombre geográfico como elemento de entrada [NR] Periodismo
9 (RLIN) 31345
Subdivisión general [R] Historia
Subdivisión geográfica [R] Colombia
650 #7 - ASIENTO SECUNDARIO DE MATERIA - TERMINO TEMATICO [R]
Término temático o nombre geográfico como elemento de entrada [NR] Periodistas colombianos
9 (RLIN) 21368
690 ## - ASUNTO AGREGADO LOCAL DE ENTRADA - TÉRMINO TEMÁTICO (OCLC, RLIN)
Acceso temático local Periodismo
9 (RLIN) 21340
942 ## - ELEMENTOS DE ENTRADA AGREGADOS (KOHA)
Tipo de ítem principal el descrito en 300a Libro
Edición 1
Sistema de clasificación LOCAL
Clasificación E52N095
Existencias
Suprimido Perdido Sistema de clasificación Dañado No prestable Tipo de ítem específico Ubicación habitual Ubicación actual Localización Fecha de creación Forma de adquisición Costo Total préstamos Signatura topográfica Código de barras Última vez visto Ejemplar Price effective from Tipo de ítem
    LOCAL     Libro archivo Archivo Histórico Archivo Histórico Archivo histórico 13/12/2023 Donación 0.00   E52N095 L006928 13/12/2023 Ej.1 13/12/2023 Libro